| 000 | 00000nam##2200000za#4500 |
| 001 | 9.700227 |
| 003 | CaOODSP |
| 005 | 20210625000735 |
| 007 | cr ||||||||||| |
| 008 | 150407|2014||||xxc|||||o f|0| 0 eng|d |
| 040 | |aCaOODSP|beng |
| 043 | |an-cn--- |
| 086 | 1 |aP4-62/2014E-PDF |
| 110 | 1 |aCanada. |bPublic Works and Government Services Canada. |
| 245 | 10|aResponse to the review of the acquisition process to replace Canada's CF-18 fleet / |h[electronic resource]|c[on behalf of] Government of Canada. |
| 260 | |aOttawa - Ontario : |bPublic Works and Government Services Canada |cDecember 2014. |
| 300 | |a6p. |
| 590 | |a15-03|b2015-01-16 |
| 690 | 07|aMilitary aircraft|2gcpds |
| 690 | 07|aPurchasing|2gcpds |
| 775 | 08|tRéponse à l'examen du processus d'acquisition visant à remplacer la flotte de CF-18 du Canada / |w(CaOODSP)9.644122 |
| 856 | 40|ahttp://publications.gc.ca|qPDF|s239 KB|uhttps://publications.gc.ca/collections/collection_2015/tpsgc-pwgsc/P4-62-2014-eng.pdf |